[Event "ROM-chT Rapid"]
[Site "Sebes"]
[Date "2023.12.02"]
[Round "6.2"]
[White "Gavrilescu, David"]
[Black "Magold, Filip"]
[Result "0-1"]
[WhiteElo "2530"]
[BlackElo "2382"]
[PlyCount "98"]
[EventDate "2023.12.02"]
[EventType "team-swiss (rapid)"]
[EventRounds "8"]
[EventCountry "ROU"]
[SourceTitle "CB49_2023"]
[SourceDate "2023.12.06"]
[SourceVersion "1"]
[SourceVersionDate "2023.12.06"]
[SourceQuality "1"]
[WhiteTeam "Bucharest ASE"]
[BlackTeam "Dinamo"]
[WhiteTeamCountry "ROU"]
[BlackTeamCountry "ROU"]

1. e4 c5 2. Nf3 d6 3. d4 Nf6 4. Nc3 cxd4 5. Nxd4 Nc6 6. Bb5 Bd7 7. Be3 g6 8. 0-0 Bg7 9. Nxc6 bxc6 10. Bc4 0-0 11. Bb3 Ng4 12. Bg5 a5 13. h3 Nf6 14. Re1 Qc7 15. Qd2 Rfd8 16. Rad1 Be8 17. Qe2 h6 18. Bh4 Nh7 19. Bg3 e5 20. f4 exf4 21. Bxf4 a4 22. Nxa4 Rxa4 23. Bxa4 Qa7+ 24. Qf2 Qxa4 25. Bxd6 Ng5 26. b3 Qxa2 27. e5 Qa8 28. Ra1 Qc8 29. Ra7 Ne6 30. c3 c5 31. Rf1 Rd7 32. Rfa1 Rxa7 33. Rxa7 Kh7 34. h4 h5 35. Qf3 c4 36. Ra8 Qd7 37. bxc4 Nd8 38. Qh3 Qb7 39. Qc8 Qb1+ 40. Kh2 Bc6 41. Qxd8 Qc2 42. Qg5 Bxa8 43. Qg3 Qe4 44. c5 Bh6 45. e6 Qxe6 46. Qf2 Bd5 47. Bg3 Bg7 48. Qd2 Qe4 49. Kg1 Bxc3 0-1

[Event "EU-chT U18"]
[Site "Iasi"]
[Date "2023.07.30"]
[Round "7.1"]
[White "Magold, Filip"]
[Black "Ohanyan, Emin"]
[Result "0-1"]
[WhiteElo "2388"]
[BlackElo "2489"]
[PlyCount "108"]
[EventDate "2023.07.24"]
[EventType "team-swiss"]
[EventRounds "7"]
[EventCountry "ROU"]
[SourceTitle "CBM 215 Extra"]
[Source "ChessBase"]
[SourceDate "2023.09.30"]
[SourceVersion "1"]
[SourceVersionDate "2023.09.30"]
[SourceQuality "1"]
[WhiteTeam "Romania U18"]
[BlackTeam "Armenia U18"]
[WhiteTeamCountry "ROU"]
[BlackTeamCountry "ARM"]

1. e4 c5 2. Nf3 e6 3. d4 cxd4 4. Nxd4 Nf6 5. Nc3 Nc6 6. Nxc6 bxc6 7. e5 Nd5 8. Ne4 Qc7 9. f4 Rb8 10. a3 Qa5+ 11. c3 f5 12. exf6 Nxf6 13. Nxf6+ gxf6 14. Bd3 Rg8 15. 0-0 Ba6 16. Bxa6 Qxa6 17. Rf2 Rb5 18. Be3 Rd5 19. Qc2 h5 20. f5 Qd3 21. Qxd3 Rxd3 22. Bxa7 e5 23. a4 d5 24. a5 Kd7 25. Kf1 c5 26. Ke2 e4 27. a6 Be7 28. b4 cxb4 29. cxb4 Bxb4 30. Rd1 Ra8 31. Bd4 Rxd1 32. Kxd1 Rxa6 33. Rb2 Be7 34. Rb7+ Ke8 35. Rb8+ Kd7 36. Rb7+ Kd6 37. Ke2 Ra2+ 38. Ke3 Rxg2 39. Rb6+ Kd7 40. Rb5 Ra2 41. Rb7+ Ke8 42. Rb8+ Kf7 43. Rb7 Ke8 44. Rb8+ Kd7 45. Rb7+ Kd8 46. Bb6+ Ke8 47. Bd4 Ra3+ 48. Ke2 Rd3 49. Bb2 Rh3 50. Rb5 Rxh2+ 51. Ke3 Rh3+ 52. Ke2 h4 53. Bc1 d4 54. Bf4 Rf3 0-1

[Event "Titled Tuesday intern op 30th May Late"]
[Site "Chess.com INT"]
[Date "2023.05.30"]
[Round "3"]
[White "Magold, Filip"]
[Black "Goncalves, Davi Sulzbacher"]
[Result "0-1"]
[WhiteElo "2388"]
[BlackElo "2282"]
[PlyCount "52"]
[EventDate "2023.05.30"]
[EventType "swiss (blitz)"]
[EventRounds "11"]
[EventCountry "USA"]
[SourceTitle "CBM 214 Extra"]
[Source "ChessBase"]
[SourceDate "2023.07.31"]
[SourceVersion "1"]
[SourceVersionDate "2023.07.31"]
[SourceQuality "1"]

1. c4 c5 2. Nc3 Nf6 3. g3 g6 4. Bg2 Bg7 5. Nf3 0-0 6. 0-0 Nc6 7. a3 d5 8. cxd5 Nxd5 9. Qb3 Nb6 10. d3 Be6 11. Qd1 Qd7 12. Ng5 Bf5 13. Be3 Nd4 14. Rc1 Rac8 15. Nge4 Bh3 16. Bxh3 Qxh3 17. b4 cxb4 18. axb4 h6 19. Nc5 Nf5 20. Bd2 a5 21. bxa5 Rxc5 22. axb6 Nd4 23. f3 Rh5 24. Rf2 Nxf3+ 25. exf3 Bd4 26. Qf1 Qxh2# 0-1

[Event "Titled Tuesday intern op 23rd May Early"]
[Site "Chess.com INT"]
[Date "2023.05.23"]
[Round "8"]
[White "Djordjevic, Vuk D"]
[Black "Magold, Filip"]
[Result "1-0"]
[WhiteElo "2375"]
[BlackElo "2388"]
[PlyCount "75"]
[EventDate "2023.05.23"]
[EventType "swiss (blitz)"]
[EventRounds "11"]
[EventCountry "USA"]
[SourceTitle "CBM 214 Extra"]
[Source "ChessBase"]
[SourceDate "2023.07.31"]
[SourceVersion "1"]
[SourceVersionDate "2023.07.31"]
[SourceQuality "1"]

1. e4 c5 2. Nc3 g6 3. g3 Bg7 4. Bg2 Nc6 5. d3 e6 6. Be3 d6 7. Qd2 Nd4 8. Nd1 Ne7 9. c3 Ndc6 10. Bh6 Bf6 11. h4 Bd7 12. h5 Qb6 13. Ne3 Ng8 14. Ng4 Qd8 15. Nxf6+ Qxf6 16. Bg5 Qg7 17. Ne2 h6 18. Be3 g5 19. 0-0-0 0-0-0 20. d4 cxd4 21. cxd4 d5 22. exd5 exd5 23. Bxd5 Nge7 24. Bg2 Bf5 25. d5 Kb8 26. Nd4 Nxd4 27. Bxd4 f6 28. Qa5 Rc8+ 29. Bc3 Bh7 30. d6 Nc6 31. Bxc6 bxc6 32. d7 Rcd8 33. Qb4+ Ka8 34. Qd6 Qf7 35. Qxc6+ Kb8 36. Rd4 a5 37. Bxa5 Rxd7 38. Rxd7 1-0